Characters Wearing Overalls Quiz Stats

 Plays Quiz Updated Oct 28, 2014

Challenge
Share
Tweet
Score 0/20 Timer 08:00
3 Plays Today
% Correct
Despicable Me
92.1%
The Fresh Prince of Bel-Air
90.2%
The Green Mile
81.9%
Wreck-It Ralph
80.5%
The Next Karate Kid
79.8%
Full House
77%
O Brother, Where Art Thou?
72.7%
Parks and Recreation
70.1%
Mamma Mia!
69.4%
To Kill a Mockingbird
66.5%
% Correct
Men in Black
66%
Sex and the City
65.7%
The Shining
62.8%
My Girl
62.4%
Child's Play 2
57%
How I Met Your Mother
55.3%
Marley & Me
49.5%
Michael
47.7%
Clueless
46%
The Grapes of Wrath
40.6%

You're not logged in!

Compare scores with friends on all Sporcle quizzes.
Join for Free
OR
Log In

You Might Also Like...

Show Comments

Extras

Top Quizzes Today


Score Distribution

Your Account Isn't Verified!

In order to create a playlist on Sporcle, you need to verify the email address you used during registration. Go to your Sporcle Settings to finish the process.

Report this User

Report this user for behavior that violates our Community Guidelines.

Details: